Палеогеодинамика Пай-Хоя

Бібліографічні деталі
Автор: Тимонин Н. И. Николай Иосифович
Співавтор: Российская академия наук Уральское отделение Коми научный центр Институт геологии (ИГ Коми НЦ УрО РАН)
Інші автори: Юдин В. В. Виктор Владимирович, Беляев А. А. Александр Анатольевич
Резюме:На основе современной теории актуалистической геодинамики рассмотрена фанерозойская история геологического развития Пай-Хоя — уникального геологического объекта, в котором компактно представлены почти все известные на Земле формации и структуры. Описаны фанерозойские литодинамические комплексы, сформированные при эволюции полного цикла Вильсона. Рассмотрены осадочные и магматические формации девонского изолированного авлакогена, сформированного циклом Бертрана, магматические формации "горячей точки" и уникальные образования крупных астроблем. Детально описаны складчато-надвиговые структуры, сформированные при субдукции и коллизии: шарьяжи, разнопорядковые послойные и секущие надвиги, разнотипные принадвиговые складки, чешуи, дизпликаты от самых интенсивных до просто построенных. Обоснованы возраст и генезис дислокаций, проведена их палинспастическая реконструкция. Все это позволило выделить отдельный структурный ансамбль, названный пайхоидами, и провести последовательную палеогеодинамическую реконструкцию Пай-Хоя. Кроме того, описан комплекс полезных ископаемых, обусловленный палеогеодинамическими режимами. Адресована геологам широкого профиля и тектонистам, изучающим складчато-надвиговые области и краевые прогибы.
Мова:Російська
Опубліковано: Екатеринбург, УрО РАН, 2004
Предмети:
Формат: MixedMaterials Книга
KOHA link:https://koha.lib.tpu.ru/cgi-bin/koha/opac-detail.pl?biblionumber=78168

MARC

LEADER 00000nam0a2200000 4500
001 78168
005 20231031093731.0
010 |a 5769114592  |b (в пер.)  |b 300 экз. 
021 |a RU  |b 05-20361  |9 05-1037 
035 |a (RuTPU)RU\TPU\book\83779 
090 |a 78168 
100 |a 20050611d2004 k y0rusy5002 ca 
101 0 |a rus 
102 |a RU 
105 |a a z 001zy 
200 1 |a Палеогеодинамика Пай-Хоя  |f Н. И. Тимонин, В. В. Юдин, А. А. Беляев  |g Уральское отделение РАН; Коми научный центр; Институт геологии 
210 |a Екатеринбург  |c УрО РАН  |d 2004 
215 |a 225 с.  |c ил., карты 
320 |a Библиогр.: с. 206-224. 
330 |a На основе современной теории актуалистической геодинамики рассмотрена фанерозойская история геологического развития Пай-Хоя — уникального геологического объекта, в котором компактно представлены почти все известные на Земле формации и структуры. Описаны фанерозойские литодинамические комплексы, сформированные при эволюции полного цикла Вильсона. Рассмотрены осадочные и магматические формации девонского изолированного авлакогена, сформированного циклом Бертрана, магматические формации "горячей точки" и уникальные образования крупных астроблем. Детально описаны складчато-надвиговые структуры, сформированные при субдукции и коллизии: шарьяжи, разнопорядковые послойные и секущие надвиги, разнотипные принадвиговые складки, чешуи, дизпликаты от самых интенсивных до просто построенных. Обоснованы возраст и генезис дислокаций, проведена их палинспастическая реконструкция. Все это позволило выделить отдельный структурный ансамбль, названный пайхоидами, и провести последовательную палеогеодинамическую реконструкцию Пай-Хоя. Кроме того, описан комплекс полезных ископаемых, обусловленный палеогеодинамическими режимами. Адресована геологам широкого профиля и тектонистам, изучающим складчато-надвиговые области и краевые прогибы. 
510 1 |a The paleogeodynamic of Pay-Khoy 
610 1 |a геология 
610 1 |a тектоника 
610 1 |a палеогеодинамика 
610 1 |a фанерозой 
610 1 |a Пай-Хой 
610 1 |a формационные комплексы 
610 1 |a структурные комплексы 
610 1 |a строение 
610 1 |a эволюция 
675 |a 551.242.5.056  |v 3  |z rus 
700 1 |a Тимонин  |b Н. И.  |g Николай Иосифович  |4 070 
701 1 |a Юдин  |b В. В.  |g Виктор Владимирович  |4 070 
701 1 |a Беляев  |b А. А.  |g Александр Анатольевич  |4 070 
712 0 2 |a Российская академия наук  |b Уральское отделение  |b Коми научный центр  |b Институт геологии (ИГ Коми НЦ УрО РАН)  |c (Сыктывкар)  |2 stltpush  |3 (RuTPU)RU\TPU\col\7925 
801 0 |a RU  |b RKP  |c 20050511  |g PSBO 
801 1 |a RU  |b 63413507  |c 20050611  |g PSBO 
801 2 |a RU  |b 63413507  |c 20131218  |g PSBO 
942 |c BK